[Event "European Youth Chess Championship B16"]
[Site "Prague, Top Hotel Prague"]
[Date "2016.08.18"]
[Round "1.6"]
[White "Haring, Viktor"]
[Black "Sousa, Andre Ventura"]
[Result "1/2-1/2"]
[WhiteElo "2105"]
[BlackElo "2411"]
[PlyCount "74"]
[EventDate "2016.??.??"]
[WhiteClock "0:01:39"]
[BlackClock "0:18:23"]

1. e4 e5 2. Nf3 Nc6 3. Bb5 Nf6 4. O-O Nxe4 5. d4 Nd6 6. Bxc6 dxc6 7. dxe5 Nf5
8. Qxd8+ Kxd8 9. h3 Bd7 10. Nc3 h6 11. Ne4 c5 12. Bf4 Kc8 13. g4 g5 14. e6 fxe6
15. Be5 Ng7 16. Bf6 Rh7 17. Ne5 Ne8 18. f4 gxf4 19. Rxf4 Bd6 20. Re1 b6 21. h4
Kb7 22. g5 hxg5 23. hxg5 Nxf6 24. Nxf6 Bxe5 25. Rxe5 Rg7 26. Nxd7 Rxd7 27. Rxe6
Rg8 28. Re5 Rd2 29. Rf2 Rd4 30. Kf1 Kc6 31. Rf6+ Rd6 32. Rf7 Rd2 33. Rf2 Rxf2+
34. Kxf2 Kd6 35. Rf5 Ke6 36. Rf6+ Ke7 37. Rf5 Ke6 1/2-1/2

[Event "European Youth Chess Championship B16"]
[Site "Prague, Top Hotel Prague"]
[Date "2016.08.18"]
[Round "1.7"]
[White "Kevlishvili, Robby"]
[Black "Abdulla, Murad"]
[Result "1-0"]
[WhiteElo "2409"]
[BlackElo "2103"]
[PlyCount "89"]
[EventDate "2016.??.??"]
[WhiteClock "0:02:39"]
[BlackClock "0:01:42"]

1. Nf3 c5 2. g3 Nc6 3. Bg2 g6 4. O-O Bg7 5. d3 d6 6. e4 e6 7. c3 Nge7 8. Re1
O-O 9. Nbd2 a6 10. h4 b5 11. Nf1 e5 12. Be3 Qc7 13. d4 Nd8 14. Qd2 Rb8 15. N1h2
Re8 16. h5 Bb7 17. Bh6 Bh8 18. Rad1 Nc8 19. Ng4 Nb6 20. dxe5 dxe5 21. Bg5 Nc4
22. Qc1 Qc6 23. b3 Nb6 24. Nfxe5 Qe6 25. Bxd8 Bxe5 26. Nxe5 Rbxd8 27. Rxd8 Rxd8
28. Qf4 f6 29. Ng4 Rf8 30. hxg6 hxg6 31. Rd1 g5 32. Nh6+ Kh7 33. Qc7+ Kxh6 34.
Qxb7 a5 35. Qc7 Qg4 36. f3 Qe6 37. Rd6 Qe5 38. Qxb6 Qxg3 39. Rxf6+ Rxf6 40.
Qxf6+ Kh5 41. Qh8+ Kg6 42. Qe8+ Kf6 43. Qxb5 Qe1+ 44. Qf1 Qxc3 45. Qf2 1-0

[Event "European Youth Chess Championship B16"]
[Site "Prague, Top Hotel Prague"]
[Date "2016.08.18"]
[Round "1.8"]
[White "Lamblin, Jean"]
[Black "Hakobyan, Aram"]
[Result "0-1"]
[WhiteElo "2090"]
[BlackElo "2404"]
[PlyCount "134"]
[EventDate "2016.??.??"]
[WhiteClock "0:03:30"]
[BlackClock "0:01:02"]

1. d4 Nf6 2. Nf3 e6 3. c4 b6 4. g3 Bb7 5. Bg2 Bb4+ 6. Bd2 c5 7. Bxb4 cxb4 8.
O-O O-O 9. a3 bxa3 10. Rxa3 a5 11. Nc3 Na6 12. Nb5 d6 13. Rc3 Qe7 14. Ne1 d5
15. Nd3 dxc4 16. Bxb7 Qxb7 17. Rxc4 Qd5 18. Na3 b5 19. Nf4 Qd7 20. Rc1 Rfd8 21.
e3 a4 22. Nd3 b4 23. Ne5 Qb7 24. Nac4 Nc7 25. Ra1 Qb5 26. Qd3 Qb7 27. Rfc1 Ne4
28. Na5 Rxa5 29. Nc6 Ng5 30. Nxa5 Nh3+ 31. Kf1 Qf3 32. Qd2 Nd5 33. Nc6 Nf6 34.
Ne5 Qh1+ 35. Ke2 Qxh2 36. Kd3 Nxf2+ 37. Kc4 N6e4 38. Qxb4 Nd1 39. Nd3 Nxe3+ 40.
Kb5 Nd5 41. Qa5 Rb8+ 42. Kxa4 h6 43. Ra3 Rxb2 44. Nxb2 Qxb2 45. Rc6 Qxd4+ 46.
Kb5 Qb2+ 47. Ka4 Kh7 48. g4 g6 49. Rf3 Kg7 50. Rb3 Qd4+ 51. Kb5 Qd1 52. Qa4
Qxg4 53. Qd4+ Kh7 54. Ka5 Qe2 55. Rb7 Qa2+ 56. Qa4 Qxa4+ 57. Kxa4 Kg7 58. Kb3
Kf6 59. Kc2 h5 60. Kd3 Ng5 61. Ke2 Kf5 62. Kf2 e5 63. Rc5 Ne4+ 64. Kf3 Nxc5 65.
Rb5 e4+ 66. Kg3 Ke5 67. Rxc5 f5 0-1

[Event "European Youth Chess Championship B16"]
[Site "Prague, Top Hotel Prague"]
[Date "2016.08.18"]
[Round "1.9"]
[White "Lodici, Lorenzo"]
[Black "Kistrup, Nicolai"]
[Result "1/2-1/2"]
[WhiteElo "2394"]
[BlackElo "2089"]
[PlyCount "115"]
[EventDate "2016.??.??"]
[WhiteClock "0:41:24"]
[BlackClock "0:10:42"]

1. d4 Nf6 2. c4 e6 3. Nc3 Bb4 4. e3 O-O 5. Bd3 d5 6. Nf3 c5 7. O-O Nc6 8. cxd5
exd5 9. dxc5 Bxc5 10. b3 Bg4 11. Bb2 Qe7 12. h3 Bxf3 13. Qxf3 Ne5 14. Qe2 Nxd3
15. Qxd3 Rfd8 16. Ne2 Rac8 17. Rac1 a6 18. Nf4 Qe4 19. Rfd1 d4 20. Bxd4 Bxd4
21. Rxc8 Rxc8 22. Qxd4 Qxd4 23. Rxd4 Rc1+ 24. Kh2 Kf8 25. Rd8+ Ke7 26. Rb8 b5
27. Rb7+ Ke8 28. f3 Ra1 29. e4 Rxa2 30. Nd3 Nd7 31. Ra7 Ra3 32. e5 Rxb3 33.
Rxd7 Kxd7 34. Nc5+ Kc6 35. Nxb3 Kb6 36. Kg3 a5 37. Kf4 a4 38. Nd2 b4 39. Ke4
Kc5 40. f4 b3 41. f5 b2 42. Nb1 Kb4 43. Kd3 a3 44. Kc2 a2 45. Kxb2 axb1=Q+ 46.
Kxb1 Kc5 47. f6 gxf6 48. exf6 Kd4 49. Kc2 Ke5 50. Kd3 Kxf6 51. Ke4 Kg5 52. Ke5
h5 53. Ke4 f6 54. g3 f5+ 55. Kf3 h4 56. gxh4+ Kxh4 57. Kf4 Kxh3 58. Kxf5
1/2-1/2

[Event "European Youth Chess Championship B16"]
[Site "Prague, Top Hotel Prague"]
[Date "2016.08.18"]
[Round "1.10"]
[White "Jelinek, Michal"]
[Black "Nikitenko, Mihail"]
[Result "0-1"]
[WhiteElo "2080"]
[BlackElo "2394"]
[PlyCount "72"]
[EventDate "2016.??.??"]
[WhiteClock "0:00:34"]
[BlackClock "0:12:14"]

1. d4 Nf6 2. c4 c6 3. Nc3 d5 4. Nf3 dxc4 5. a4 Bf5 6. e3 e6 7. Bxc4 Bb4 8. O-O
Nbd7 9. Qe2 Bg6 10. e4 Bxc3 11. bxc3 Nxe4 12. Ba3 Qc7 13. Rfc1 O-O-O 14. a5
Rhe8 15. a6 b6 16. Bb3 e5 17. Qb2 Kb8 18. Ba4 Nd6 19. c4 Nc8 20. c5 Be4 21. Nd2
Bd5 22. Nc4 exd4 23. Nd6 Nxd6 24. cxd6 Qc8 25. Qxd4 Re4 26. Qd1 Ne5 27. Bb5 Rg4
28. Bf1 Qf5 29. Rc3 Rg6 30. Rac1 Nf3+ 31. Kh1 Nxh2 32. Kxh2 Qxf2 33. R1c2 Rh6+
34. Rh3 Rxh3+ 35. Kxh3 Qe3+ 36. Kh2 Qxa3 0-1

[Event "European Youth Chess Championship B16"]
[Site "Prague, Top Hotel Prague"]
[Date "2016.08.18"]
[Round "1.11"]
[White "Macovei, Andrei"]
[Black "Shafi, Declan"]
[Result "1-0"]
[WhiteElo "2382"]
[BlackElo "2078"]
[PlyCount "81"]
[EventDate "2016.08.18"]

1. e4 e5 2. Nf3 Nc6 3. Bb5 a6 4. Ba4 Nf6 5. O-O Be7 6. Re1 b5 7. Bb3 d6 8. c3
O-O 9. d4 Bg4 10. d5 Na5 11. Bc2 c6 12. h3 Bc8 13. dxc6 Qc7 14. Nbd2 Qxc6 15.
Nf1 Bb7 16. Ng3 Rfe8 17. Nf5 Bf8 18. Bg5 Nd7 19. Qe2 h6 20. Bc1 Nf6 21. Nh2 Nc4
22. Ng4 Nxg4 23. Qxg4 Kh7 24. a4 Re6 25. Qe2 g6 26. axb5 axb5 27. Rxa8 Bxa8 28.
Ng3 f5 29. Rd1 f4 30. Nf1 Bb7 31. Bd3 Ba6 32. b3 Nb6 33. Bb2 Nd7 34. b4 Nb6 35.
Nd2 Na4 36. Nb3 Nxc3 37. Qc2 d5 38. Qxc3 dxe4 39. Qxc6 Rxc6 40. Bxe4 Rc4 41.
Rd7+ 1-0

[Event "European Youth Chess Championship B16"]
[Site "Prague, Top Hotel Prague"]
[Date "2016.08.18"]
[Round "1.12"]
[White "De Bock, Thijs"]
[Black "Fakhrutdinov, Timur"]
[Result "0-1"]
[WhiteElo "2058"]
[BlackElo "2375"]
[PlyCount "114"]
[EventDate "2016.08.18"]

1. e4 c5 2. Nf3 Nc6 3. d4 cxd4 4. Nxd4 g6 5. Nc3 Bg7 6. Be3 Nf6 7. Bc4 O-O 8.
Bb3 d6 9. f3 Bd7 10. Qd2 Na5 11. O-O-O Nxb3+ 12. cxb3 Qb8 13. h4 b5 14. h5 b4
15. Nce2 Rc8+ 16. Kb1 a5 17. hxg6 fxg6 18. Bh6 a4 19. Bxg7 Kxg7 20. Qh6+ Kf7
21. g4 Rh8 22. Nf5 gxf5 23. g5 Qf8 24. gxf6 Qxh6 25. Rxh6 fxe4 26. fxe4 Bg4 27.
Rd2 axb3 28. axb3 Bf3 29. Rh4 Bxe2 30. Rxe2 exf6 31. Reh2 Rae8 32. Rxh7+ Rxh7
33. Rxh7+ Kg6 34. Rd7 Rxe4 35. Rxd6 Kf5 36. Kc2 Ke5 37. Rd8 Rd4 38. Re8+ Kf4
39. Re1 f5 40. Rf1+ Ke5 41. Re1+ Kf6 42. Re8 f4 43. Rc8 Ke5 44. Re8+ Kf5 45.
Rf8+ Ke4 46. Re8+ Kf3 47. Rf8 Kf2 48. Rf7 f3 49. Rf8 Kg2 50. Rg8+ Kf1 51. Rf8
f2 52. Kb1 Ke2 53. Re8+ Kf3 54. Ka2 Rf4 55. Re7 Rf6 56. Ra7 f1=Q 57. Rf7 Qa6+
0-1

[Event "European Youth Chess Championship B16"]
[Site "Prague, Top Hotel Prague"]
[Date "2016.08.18"]
[Round "1.13"]
[White "Radovanovic, Mihajlo"]
[Black "Simet, Martin"]
[Result "1-0"]
[WhiteElo "2374"]
[BlackElo "2058"]
[PlyCount "65"]
[EventDate "2016.08.18"]

1. Nf3 Nf6 2. c4 g6 3. g3 Bg7 4. Bg2 O-O 5. O-O d6 6. d4 Nbd7 7. Nc3 e5 8. e4
c6 9. h3 Re8 10. Be3 exd4 11. Nxd4 Nc5 12. Qc2 Qe7 13. Rfe1 Bd7 14. f3 a6 15.
a4 a5 16. Rad1 Rad8 17. Bf2 Qf8 18. Nb3 b6 19. Nd4 Nh5 20. f4 Rb8 21. Qd2 Bh6
22. Nde2 Ne6 23. Qxd6 Qxd6 24. Rxd6 Red8 25. Red1 Be8 26. Rxd8 Nxd8 27. e5 Ne6
28. Ne4 b5 29. axb5 cxb5 30. c5 Bc6 31. Nd6 Bxg2 32. Kxg2 f6 33. Nd4 1-0

[Event "European Youth Chess Championship B16"]
[Site "Prague, Top Hotel Prague"]
[Date "2016.08.18"]
[Round "1.14"]
[White "Landi, Alberto"]
[Black "Warmerdam, Max"]
[Result "0-1"]
[WhiteElo "2057"]
[BlackElo "2372"]
[PlyCount "86"]
[EventDate "2016.08.18"]

1. e4 e5 2. Nf3 Nc6 3. Bb5 a6 4. Ba4 Nf6 5. O-O Be7 6. Re1 b5 7. Bb3 d6 8. c3
O-O 9. h3 Na5 10. Bc2 c5 11. d4 Qc7 12. Nbd2 cxd4 13. cxd4 Nc6 14. Nb3 a5 15.
Be3 a4 16. Nbd2 Bd7 17. Rc1 Qb7 18. Nf1 Rfc8 19. Ng3 Bf8 20. Bg5 Ne8 21. Nf1 h6
22. Bh4 g6 23. dxe5 dxe5 24. Ne3 Bg7 25. Nd5 Be6 26. Bb1 Kh7 27. Qd3 Nd4 28.
Nxd4 exd4 29. Qf3 Rxc1 30. Rxc1 Rc8 31. Re1 d3 32. Bxd3 Bxb2 33. Rb1 a3 34.
Nf6+ Nxf6 35. Bxf6 Bxf6 36. Qxf6 b4 37. Qd4 b3 38. axb3 a2 39. Ra1 Qxb3 40. e5
Rc3 41. Bf1 Qb2 42. Qd1 Rb3 43. Kh2 Qxa1 0-1

[Event "European Youth Chess Championship B16"]
[Site "Prague, Top Hotel Prague"]
[Date "2016.08.18"]
[Round "1.15"]
[White "Gokerkan, Cem Kaan"]
[Black "Anaskin, Arsenij"]
[Result "1-0"]
[WhiteElo "2371"]
[BlackElo "2054"]
[PlyCount "119"]
[EventDate "2016.08.18"]

1. e4 d6 2. d4 Nf6 3. Nc3 e5 4. f4 exd4 5. Qxd4 Nc6 6. Bb5 Bd7 7. Bxc6 Bxc6 8.
Nf3 g6 9. O-O Bg7 10. Qd3 O-O 11. Nd4 Re8 12. Nxc6 bxc6 13. Bd2 Rb8 14. b3 Nd7
15. Qc4 Qf6 16. e5 dxe5 17. fxe5 Nxe5 18. Qa4 Qe7 19. Rae1 Qc5+ 20. Kh1 f5 21.
Nd1 Rbd8 22. Bg5 Rb8 23. Bf4 Qxc2 24. Qxa7 Nd3 25. Ne3 Qc3 26. Re2 Bd4 27. Nd1
Qa1 28. Qxc7 Rxe2 29. Qxb8+ Kf7 30. Be3 Bxe3 31. Qc7+ Kf6 32. Qd6+ Kg7 33. Qd7+
Kf6 34. Qd6+ Kg7 35. Qxd3 Rd2 36. Nxe3 Rxd3 37. Nxf5+ gxf5 38. Rxa1 Kf6 39. Kg1
Ke5 40. Kf2 Kd4 41. Re1 c5 42. Ke2 Re3+ 43. Kd2 Rd3+ 44. Kc2 Rc3+ 45. Kb2 Rd3
46. Rc1 f4 47. a4 f3 48. Rc4+ Kd5 49. gxf3 Rxf3 50. Rh4 Rf2+ 51. Ka3 Rf3 52. a5
Kc6 53. Ka4 Rf6 54. h3 Re6 55. Rf4 Rd6 56. h4 Rg6 57. Re4 Rg1 58. b4 Ra1+ 59.
Kb3 Rb1+ 60. Ka3 1-0

[Event "European Youth Chess Championship B16"]
[Site "Prague, Top Hotel Prague"]
[Date "2016.08.18"]
[Round "1.16"]
[White "Acs, Marton"]
[Black "Risting, Eivind Olav"]
[Result "0-1"]
[WhiteElo "2030"]
[BlackElo "2347"]
[PlyCount "56"]
[EventDate "2016.08.18"]

1. Nf3 d5 2. d4 c6 3. g3 e6 4. Bg2 Bd6 5. O-O f5 6. b3 Qe7 7. Bb2 Nf6 8. c4 O-O
9. Qc1 b6 10. Ba3 Bb7 11. Bxd6 Qxd6 12. Qa3 Qxa3 13. Nxa3 Nbd7 14. Rfc1 Ne4 15.
Nc2 dxc4 16. bxc4 c5 17. Ng5 Nxg5 18. Bxb7 Rad8 19. d5 exd5 20. Bxd5+ Nf7 21.
Ne3 g6 22. a4 Kg7 23. a5 Nd6 24. Rd1 Ne5 25. axb6 axb6 26. Ra7+ Kh6 27. f4
Ndxc4 28. Nxf5+ gxf5 0-1

[Event "European Youth Chess Championship B16"]
[Site "Prague, Top Hotel Prague"]
[Date "2016.08.18"]
[Round "1.17"]
[White "Lopez, Mulet Inigo"]
[Black "Vystrcil, Martin"]
[Result "1-0"]
[WhiteElo "2343"]
[BlackElo "2029"]
[PlyCount "43"]
[EventDate "2016.08.18"]

1. d4 Nf6 2. c4 g6 3. g3 Bg7 4. Bg2 O-O 5. Nc3 d6 6. Nf3 Nbd7 7. O-O e5 8. e4
c6 9. b3 Re8 10. Re1 Qb6 11. h3 exd4 12. Na4 Qa5 13. Nxd4 Nc5 14. Bd2 Qa6 15.
Nxc5 dxc5 16. e5 Nd7 17. Nf3 Nxe5 18. Nxe5 Rxe5 19. Rxe5 Bxe5 20. Qe1 Bxa1 21.
Qxa1 Kf8 22. Qh8+ 1-0

[Event "European Youth Chess Championship B16"]
[Site "Prague, Top Hotel Prague"]
[Date "2016.08.18"]
[Round "1.18"]
[White "Birkisson, Bardur Orn"]
[Black "Laurent-Paoli, Pierre"]
[Result "1/2-1/2"]
[WhiteElo "2028"]
[BlackElo "2318"]
[PlyCount "143"]
[EventDate "2016.08.18"]

1. d4 Nf6 2. Nf3 g6 3. Bg5 Bg7 4. Nbd2 d6 5. c3 h6 6. Bh4 g5 7. Bg3 Nh5 8. e4
e6 9. Bd3 Nd7 10. Qe2 Qe7 11. O-O-O a6 12. e5 d5 13. Ne1 Nxg3 14. hxg3 c5 15.
f4 b5 16. f5 c4 17. f6 Bxf6 18. exf6 cxd3 19. Nxd3 Qxf6 20. Rdf1 Qg7 21. Nf3
Ra7 22. Nfe5 Nxe5 23. Nxe5 Rc7 24. Kb1 Rh7 25. Qh5 Kd8 26. Rf2 f6 27. Ng4 f5
28. Ne5 Bd7 29. Qe2 Be8 30. Nd3 Qf6 31. Nc5 Rc6 32. Re1 Re7 33. Ka1 Rb6 34. Qd2
Bf7 35. Rfe2 Ke8 36. Re5 Kf8 37. R1e3 Kg7 38. Qe1 Rd6 39. b3 h5 40. Kb2 Kg6 41.
Qe2 Kh6 42. Kc1 Re8 43. Kd2 Kg7 44. Ke1 g4 45. Kd2 h4 46. gxh4 Qxh4 47. g3 Qh1
48. Qe1 Rh8 49. Nxe6+ Bxe6 50. Qxh1 Rxh1 51. Rxe6 Rxe6 52. Rxe6 Rh2+ 53. Ke3
Rxa2 54. Kf4 Rf2+ 55. Kg5 Rf3 56. Rxa6 Rxc3 57. Kxf5 Rxg3 58. Kf4 Rxb3 59. Kxg4
Re3 60. Rb6 Kf7 61. Kf5 Ke7 62. Rxb5 Kd6 63. Rb6+ Kd7 64. Rh6 Re4 65. Rg6 Kc7
66. Rh6 Rxd4 67. Ke5 Rd1 68. Rg6 d4 69. Ke4 d3 70. Ke3 Kd7 71. Rg4 Ra1 72. Rd4+
1/2-1/2

[Event "European Youth Chess Championship B16"]
[Site "Prague, Top Hotel Prague"]
[Date "2016.08.18"]
[Round "1.19"]
[White "Giannoulakis, Lampros"]
[Black "Havelka, Ondrej"]
[Result "1-0"]
[WhiteElo "2317"]
[BlackElo "2025"]
[PlyCount "111"]
[EventDate "2016.08.18"]

1. d4 d5 2. c4 e6 3. Nc3 Nf6 4. Bg5 Be7 5. e3 O-O 6. Bd3 Nbd7 7. Nf3 a6 8. cxd5
exd5 9. Qc2 c6 10. O-O Re8 11. Rab1 Nf8 12. Ne5 Ng4 13. Bxe7 Qxe7 14. Nxg4 Bxg4
15. Na4 Bh5 16. Nc5 Bg6 17. Bxg6 hxg6 18. Qb3 Rab8 19. Qb6 Nd7 20. Nxd7 Qxd7
21. b4 Re6 22. a4 g5 23. b5 cxb5 24. Qa7 Qc8 25. axb5 Ra8 26. Rbc1 Rxa7 27.
Rxc8+ Kh7 28. bxa6 bxa6 29. Ra1 Rd6 30. g4 Kg6 31. Rc5 Kf6 32. Kf1 Ke6 33. Ke2
g6 34. Rca5 f5 35. Kf3 Rb6 36. Rg1 Rb5 37. gxf5+ Kxf5 38. Rga1 g4+ 39. Kg3 Rxa5
40. Rxa5 Ke4 41. Kxg4 Rf7 42. Kg3 Rf3+ 43. Kg2 Rf6 44. Ra3 g5 45. h3 Rb6 46.
f3+ Kf5 47. Ra5 Rd6 48. Kg3 Kf6 49. Kg4 Kg6 50. Rc5 Kf6 51. f4 gxf4 52. Kxf4
Ke6 53. h4 Rd8 54. Rc6+ Rd6 55. Rxd6+ Kxd6 56. e4 1-0

[Event "European Youth Chess Championship B16"]
[Site "Prague, Top Hotel Prague"]
[Date "2016.08.18"]
[Round "1.20"]
[White "Horvath, Tomas"]
[Black "Dobrovoljc, Vid"]
[Result "1/2-1/2"]
[WhiteElo "2014"]
[BlackElo "2306"]
[PlyCount "109"]
[EventDate "2016.08.18"]

1. e4 e5 2. f4 exf4 3. Nf3 Ne7 4. d4 d5 5. e5 c5 6. Bxf4 cxd4 7. Qxd4 Nbc6 8.
Bb5 a6 9. Bxc6+ Nxc6 10. Qd2 Bb4 11. c3 Be7 12. O-O O-O 13. Qf2 f6 14. exf6
Bxf6 15. Be3 Bf5 16. Bb6 Qd7 17. Nbd2 Ne5 18. Nxe5 Bxe5 19. Nf3 Bd6 20. Qd4 Qc6
21. Rad1 Rf6 22. Qxd5+ Qxd5 23. Rxd5 Be4 24. Rdd1 Bxh2+ 25. Kxh2 Rxb6 26. b3
Rf8 27. Ng5 Rxf1 28. Rxf1 Rh6+ 29. Nh3 Rd6 30. Re1 Bc6 31. Re2 h6 32. Nf4 g5
33. Ne6 Rd3 34. Rc2 Re3 35. Nd4 Bd7 36. Kg1 Rd3 37. Kf2 Bg4 38. Nf3 Bf5 39. Ne5
Rd1 40. Re2 Kg7 41. Nc4 Rd7 42. Nb6 Rf7 43. Ke3 Bg4 44. Rd2 h5 45. c4 Re7+ 46.
Kf2 h4 47. c5 Rf7+ 48. Ke3 h3 49. gxh3 Rf3+ 50. Ke4 Rxh3 51. Nc4 Rf3 52. Nd6
Rf1 53. Rd3 Kf6 54. Rg3 Bd7 55. Kd4 1/2-1/2

[Event "European Youth Chess Championship B16"]
[Site "Prague, Top Hotel Prague"]
[Date "2016.08.18"]
[Round "1.21"]
[White "Haug, Johannes"]
[Black "Markovic, Dino"]
[Result "1/2-1/2"]
[WhiteElo "2305"]
[BlackElo "2012"]
[PlyCount "37"]
[EventDate "2016.08.18"]

1. e4 e6 2. d4 d5 3. Nd2 dxe4 4. Nxe4 Nd7 5. Nf3 Ngf6 6. Bg5 Be7 7. Nxf6+ Nxf6
8. Bd3 c5 9. Qe2 cxd4 10. O-O-O Bd7 11. h4 Qb6 12. Ne5 Bd6 13. Nxd7 Kxd7 14.
Qf3 Qc6 15. Bxf6 Qxf3 16. gxf3 gxf6 17. Be4 f5 18. Rxd4 Kc7 19. Rc4+ 1/2-1/2

[Event "European Youth Chess Championship B16"]
[Site "Prague, Top Hotel Prague"]
[Date "2016.08.18"]
[Round "1.22"]
[White "Zizka, Petr"]
[Black "Janik, Igor"]
[Result "0-1"]
[WhiteElo "2010"]
[BlackElo "2303"]
[PlyCount "72"]
[EventDate "2016.08.18"]

1. b3 Nf6 2. Bb2 g6 3. Bxf6 exf6 4. c4 Bg7 5. Nc3 f5 6. Rc1 b6 7. e3 O-O 8. Nf3
Re8 9. g3 Bb7 10. Bg2 d6 11. O-O Nd7 12. d4 Nf6 13. d5 Qd7 14. Nd4 h5 15. b4 h4
16. Qc2 hxg3 17. hxg3 Ng4 18. Rfd1 Qe7 19. Nce2 Qg5 20. Nf3 Qh6 21. Nf4 Re7 22.
c5 Rae8 23. Qa4 a6 24. cxd6 cxd6 25. Rc7 Kf8 26. Rxe7 Rxe7 27. b5 a5 28. Qa3
Rd7 29. Nd4 g5 30. Nxf5 Qh2+ 31. Kf1 gxf4 32. exf4 Qh7 33. Nxd6 Qc2 34. Nxb7+
Kg8 35. Kg1 Qxd1+ 36. Bf1 Qxd5 0-1

[Event "European Youth Chess Championship B16"]
[Site "Prague, Top Hotel Prague"]
[Date "2016.08.18"]
[Round "1.23"]
[White "Czupor, Attila"]
[Black "Sramek, Vojtech"]
[Result "1-0"]
[WhiteElo "2303"]
[BlackElo "2005"]
[PlyCount "73"]
[EventDate "2016.08.18"]

1. e4 c5 2. Nf3 Nc6 3. d4 cxd4 4. Nxd4 g6 5. Nc3 Bg7 6. Be3 Nf6 7. Be2 O-O 8.
O-O d5 9. exd5 Nxd5 10. Nxd5 Qxd5 11. Bf3 Qa5 12. Nxc6 bxc6 13. c3 Rb8 14. Qc1
Qc7 15. Bc5 Be6 16. b4 Rfd8 17. Qe3 Rd7 18. Rad1 Rbd8 19. Bxa7 Rxd1 20. Bxd1
Qe5 21. Bf3 Qxe3 22. Bxe3 Bxc3 23. Bxc6 Bxa2 24. b5 Bd4 25. Bxd4 Rxd4 26. b6
Rb4 27. b7 Bc4 28. Rd1 Kg7 29. h3 Ba6 30. Rd7 Kf6 31. Bf3 Ke6 32. Rc7 Ke5 33.
Rxe7+ Kf6 34. Rc7 Kg7 35. Bd5 Kh6 36. Rxf7 Rb1+ 37. Kh2 1-0

[Event "European Youth Chess Championship B16"]
[Site "Prague, Top Hotel Prague"]
[Date "2016.08.18"]
[Round "1.24"]
[White "Durbano, Gabriele"]
[Black "Askerov, Marat"]
[Result "0-1"]
[WhiteElo "2002"]
[BlackElo "2302"]
[PlyCount "61"]
[EventDate "2016.08.18"]

1. Nf3 Nf6 2. c4 c5 3. g3 g6 4. Bg2 Bg7 5. d4 cxd4 6. Nxd4 O-O 7. O-O Nc6 8.
Nc3 Nxd4 9. Qxd4 d6 10. e4 Ng4 11. Qd2 Be6 12. b3 Rc8 13. Bb2 Qa5 14. Rfd1 Rfe8
15. Nb5 Qxd2 16. Rxd2 Bxb2 17. Rxb2 a6 18. Nd4 Bd7 19. Re1 Rc5 20. Bf1 Kf8 21.
f3 Nf6 22. b4 Rc7 23. e5 dxe5 24. Rxe5 Rd8 25. Nb3 Bc6 26. Rf2 e6 27. Na5 Ba4
28. c5 Rd4 29. Nc4 Bb5 30. Nd6 Bxf1 31. Kxf1 {The game remained another 10
moves, but the rest is unclear.} 0-1

[Event "European Youth Chess Championship B16"]
[Site "Prague, Top Hotel Prague"]
[Date "2016.08.18"]
[Round "1.25"]
[White "Lazov, Toni"]
[Black "Pauwels, Xander"]
[Result "1-0"]
[WhiteElo "2297"]
[BlackElo "1996"]
[PlyCount "53"]
[EventDate "2016.08.18"]

1. e4 c5 2. Nf3 d6 3. d4 cxd4 4. Nxd4 Nf6 5. Nc3 a6 6. Be3 e5 7. Nb3 Be7 8. h3
Be6 9. g4 O-O 10. g5 Nfd7 11. h4 f5 12. exf5 Bf7 13. Bg2 Nc6 14. Qg4 Kh8 15. h5
Bxb3 16. cxb3 Nd4 17. h6 gxh6 18. Bxd4 exd4 19. Qxd4+ Ne5 20. f6 Bxf6 21. gxf6
Qxf6 22. O-O-O Qg5+ 23. Kb1 Qxg2 24. f4 Qg6+ 25. Ka1 Rac8 26. fxe5 dxe5 27. Qh4
1-0

[Event "European Youth Chess Championship B16"]
[Site "Prague, Top Hotel Prague"]
[Date "2016.08.18"]
[Round "1.26"]
[White "Adar, Idan"]
[Black "Mirzoyan, David"]
[Result "0-1"]
[WhiteElo "1990"]
[BlackElo "2294"]
[PlyCount "148"]
[EventDate "2016.08.18"]

1. d4 Nf6 2. c4 e6 3. Nc3 Bb4 4. Qc2 O-O 5. Bg5 b6 6. Nf3 Bb7 7. e3 h6 8. Bh4
d6 9. Be2 Nbd7 10. O-O Bxc3 11. Qxc3 Qe7 12. Rac1 g5 13. Bg3 Ne4 14. Qc2 f5 15.
Nd2 e5 16. dxe5 dxe5 17. Rfd1 Nd6 18. f3 a5 19. Nb1 Nc5 20. Nc3 Rad8 21. Nd5
Qg7 22. b3 Ne6 23. Qc3 f4 24. exf4 gxf4 25. Bh4 Rd7 26. Bd3 Nd4 27. Kh1 Nc8 28.
Qe1 c5 29. Be4 Bxd5 30. Bxd5+ Kh8 31. Bf2 Nd6 32. a3 N6f5 33. b4 axb4 34. axb4
Ra7 35. bxc5 bxc5 36. Qc3 Ra2 37. Qe1 Ne3 38. g4 Nxd1 39. Rxd1 Rb8 40. Rb1 Qc7
41. Bh4 Ra6 42. Rxb8+ Qxb8 43. Be7 Nc2 44. Qe4 Qb1+ 45. Kg2 Ne3+ 46. Kh3 Qxe4
47. Bxe4 Nxc4 48. Bxc5 Kg7 49. Be7 Nd2 50. Bd5 Ra5 51. Bc6 Ra2 52. Bd5 Rc2 53.
g5 hxg5 54. Kg4 Nf1 55. Kxg5 Ne3 56. Bf6+ Kf8 57. Be4 Rg2+ 58. Kh5 Rxh2+ 59.
Kg5 Rg2+ 60. Kh5 Nc4 61. Bd5 Nb6 62. Be6 e4 63. Bd4 Na4 64. fxe4 f3 65. Bb3 Nb2
66. Bc5+ Ke8 67. Bd5 f2 68. Bc6+ Kd8 69. Bb5 Nd1 70. Bd4 Rg1 71. Kh4 f1=Q 72.
Bxf1 Rxf1 73. Kg3 Kd7 74. Kg2 Rf7 0-1

[Event "European Youth Chess Championship B16"]
[Site "Prague, Top Hotel Prague"]
[Date "2016.08.18"]
[Round "1.27"]
[White "O`Sullivan, Thomas"]
[Black "Danek, Daniel"]
[Result "1-0"]
[WhiteElo "2293"]
[BlackElo "1970"]
[PlyCount "97"]
[EventDate "2016.08.18"]

1. d4 Nf6 2. c4 g6 3. Nc3 d5 4. Nf3 Bg7 5. h4 h5 6. Bf4 c6 7. e3 Bf5 8. cxd5
Nxd5 9. Be5 Nxc3 10. bxc3 O-O 11. Bxg7 Kxg7 12. Bc4 Nd7 13. Ng5 b5 14. e4 Qa5
15. Be2 Qxc3+ 16. Kf1 Bg4 17. f3 f6 18. Nh7 Bxf3 19. Nxf8 Bxe2+ 20. Kxe2 Nxf8
21. Qd3 Qb2+ 22. Qd2 Qa3 23. Rh3 Qd6 24. Rd1 Ne6 25. Kf1 Rd8 26. Rd3 Nf4 27.
Rf3 e5 28. Rf2 Qe6 29. Qe3 Qg4 30. Qf3 Qxf3 31. Rxf3 Ne6 32. d5 cxd5 33. exd5
Nd4 34. Ra3 Rxd5 35. Rxa7+ Kh6 36. Ra5 Rd6 37. Kf2 Rc6 38. Rd2 f5 39. Ra3 Rc4
40. g3 e4 41. Ra6 Kg7 42. Rd6 Nf3 43. Rb2 Ne5 44. Rxb5 Rc2+ 45. Kf1 Nf7 46. Rb7
Rc8 47. Rdd7 Rf8 48. a4 Kf6 49. Rxf7+ 1-0

[Event "European Youth Chess Championship B16"]
[Site "Prague, Top Hotel Prague"]
[Date "2016.08.18"]
[Round "1.28"]
[White "Batashevs, Arsens"]
[Black "Drori, Saar"]
[Result "0-1"]
[WhiteElo "1969"]
[BlackElo "2290"]
[PlyCount "104"]
[EventDate "2016.08.18"]

1. f4 g6 2. Nf3 Bg7 3. e4 c5 4. g3 Nc6 5. Bg2 d6 6. O-O Nf6 7. d3 O-O 8. h3 Rb8
9. c3 b5 10. g4 Bb7 11. Qe2 Nd7 12. Be3 b4 13. c4 Nb6 14. Qc2 a5 15. Nbd2 a4
16. Rab1 b3 17. axb3 Nb4 18. Qd1 Nxd3 19. Qc2 Nb4 20. Qd1 axb3 21. Qxb3 Bc6 22.
Qd1 Na4 23. e5 Nd3 24. b3 Nc3 25. Qc2 Nxb1 26. Qxd3 Nxd2 27. Nxd2 Bxg2 28. Kxg2
dxe5 29. Qe4 exf4 30. Qxf4 Rb6 31. Bxc5 Rf6 32. Qe3 Re6 33. Qf4 Qd3 34. Rf2 Bc3
35. Nf3 Re2 36. Rxe2 Qxe2+ 37. Bf2 Rd8 38. c5 Rd3 39. c6 e5 40. Qg3 Qe4 41. c7
Qc6 42. Qh4 Qxc7 43. Ng5 f6 44. Nf3 Qc6 45. Qg3 e4 46. Qb8+ Kg7 47. Be3 exf3+
48. Kf2 Bd4 49. Bxd4 Rxd4 50. g5 Qc2+ 51. Kxf3 Qe4+ 52. Kf2 Rd2+ 0-1

[Event "European Youth Chess Championship B16"]
[Site "Prague, Top Hotel Prague"]
[Date "2016.08.18"]
[Round "1.29"]
[White "Ayats, Llobera Gerard"]
[Black "Chwistek, Karel"]
[Result "1/2-1/2"]
[WhiteElo "2290"]
[BlackElo "1961"]
[PlyCount "74"]
[EventDate "2016.08.18"]

1. e4 c5 2. Nf3 d6 3. d4 cxd4 4. Nxd4 Nf6 5. Nc3 g6 6. Be3 Bg7 7. Qd2 O-O 8. f3
Nc6 9. O-O-O d5 10. Qe1 e5 11. Nxc6 bxc6 12. exd5 Nxd5 13. Bc4 Be6 14. Bc5 Re8
15. h4 h6 16. h5 Qg5+ 17. Qd2 Qxd2+ 18. Rxd2 Nxc3 19. Bxe6 Rxe6 20. bxc3 e4 21.
Bd4 exf3 22. gxf3 g5 23. f4 Bxd4 24. Rxd4 Rae8 25. Ra4 Re1+ 26. Rxe1 Rxe1+ 27.
Kd2 Re7 28. Rc4 Rc7 29. Ke3 Kg7 30. Ke4 Kf6 31. Rc5 Re7+ 32. Kf3 gxf4 33. Rxc6+
Kg5 34. a4 Re3+ 35. Kf2 Kxh5 36. Rf6 Rxc3 37. Rxf7 Rxc2+ 1/2-1/2